LEADER 03254nam 2200625 450 001 9910511335003321 005 20210104164255.0 010 $a1-78360-710-6 035 $a(CKB)3710000000615562 035 $a(EBL)4549659 035 $a(MiAaPQ)EBC4549659 035 $a(EXLCZ)993710000000615562 100 $a20160827h20162016 uy 0 101 0 $aeng 135 $aur|n|---||||| 181 $2rdacontent 182 $2rdamedia 183 $2rdacarrier 200 04$aThe future of African peace operations $efrom the Janjaweed to Boko Haram /$fedited by Cedric de Coning, Linne?a Gelot and John Karlsrud 210 1$aLondon :$cZed Books,$d2016. 210 4$d©2016 215 $a1 online resource (xiv, 169 p.) 225 1 $aAfrica now 311 $a1-78360-709-2 320 $aIncludes bibliographical references and index 327 $a1. Towards an African model of peace operations / Cedric de Coning, Linne?a Gelot and John Karlsrud -- 2. Confronting hybrid threats in Africa: improving multidimensional responses / Kwesi Aning and Mustapha Abdallah -- 3. Stabilization missions and mandates in African peace operations: implications for the ASF? / Solomon A. Dersso -- 4. The relationship between the AU and the RECs/RMs in relation to peace and security in Africa: subsidiarity and inevitable common destiny / Michelle Ndiaye -- 5. The strategic relationship between the African Union and its partners / Linda Darkwa -- 6. Mission support for African peace operations / Walter Lotze -- 7. United in challenges? The African Standby Force and the African Capacity for Immediate Response to Crises / Jide Martyns Okeke -- 8. What roles for the civilian and police dimensions in African peace operations? / Yvonne Akpasom -- 9. Adapting the African Standby Force to a just-in-time readiness model: improved alignment with the emerging African model of peace operations / Cedric de Coning -- 10. African peace operations: trends and future scenarios,conclusions and recommendations / Cedric de Coning, Linne?a Gelot and John Karlsrud 330 $aThis timely new collection provides vital insights into the future of peacekeeping operations in Africa, as well as practical solutions to the immense security challenges facing regional actors on the continent. 410 0$aAfrica now (Zed Books) 606 $aPeace-building$zAfrica 606 $aestablishment of peace$9eng$2eurovoc 606 $apeacekeeping$9eng$2eurovoc 606 $aAfrican Union$9eng$2eurovoc 606 $ainternational cooperation$9eng$2eurovoc 606 $aarmed forces$9eng$2eurovoc 606 $aAfrica$9eng$2eurovoc 608 $aElectronic books. 615 0$aPeace-building 615 7$aestablishment of peace 615 7$apeacekeeping 615 7$aAfrican Union 615 7$ainternational cooperation 615 7$aarmed forces 615 7$aAfrica 676 $a327.172096 686 $a08.16.08$2EP-CLASS 702 $aDe Coning$b Cedric 702 $aGelot$b Linne?a 702 $aKarlsrud$b John 801 0$bMiAaPQ 801 1$bMiAaPQ 801 2$bMiAaPQ 906 $aBOOK 912 $a9910511335003321 996 $aThe future of African peace operations$92549760 997 $aUNINA LEADER 02042nam0 2200433 i 450 001 LO10520013 005 20251003044211.0 010 $a8879894846 020 $aIT$b2000-12660 100 $a20000420d2000 ||||0itac50 ba 101 | $aita 102 $ait 181 1$6z01$ai $bxxxe 182 1$6z01$an 200 1 $aAstuzia o virtł?$ecome accadde che l'Italia fu ammessa all'Unione monetaria$fLuigi Spaventa e Vincenzo Chiorazzo 210 $aRoma$cDE$d[2000] 215 $a143 p.$d17 cm 225 | $aSaggine$v41 300 $aIn appendice: L'algebra del debito pubblico, degli stessi AA. 410 0$1001RAV0233095$12001 $aSaggine$v41 676 $a336.3$9PRESTITO PUBBLICO, DEBITO PUBBLICO, SPESA PUBBLICA$v12 676 $a336.45$9FINANZA PUBBLICA IN ITALIA$v20 676 $a336.45$9FINANZA PUBBLICA. Italia$v21 686 $aIT/541.5$cPOLITICA COMUNITARIA ITALIA 1989-2001$2R 686 $aIT/5422.6$cPOLITICA ECONOMICA ITALIA 1989-2001$2R 686 $aIT/5435.1$cPOLITICA E LEGISLAZIONE FINANZIARIA ITALIA 1989-2001$2R 686 $aSe.i.14.2.12$cStoria dell'economia italiana. 1963-1975. I quadri della contabilitą nazionale$2F 686 $aSe.i.14.2.6$cStoria dell'economia italiana. 1963-1975. Il commercio estero e l'integrazione europea$2F 700 1$aSpaventa$b, Luigi$3CFIV117257$4070$034024 701 1$aChiorazzo$b, Vincenzo$3LO1V183569$4070$0140144 801 3$aIT$bIT-000000$c20000420 850 $aIT-BN0095 $aIT-NA0581 901 $bNAP FC$cFONDO $n$ 901 $bNAP 01$cPOZZO LIB.$nVi sono collocati fondi di economia, periodici di ingegneria e scienze, periodici di economia e statistica e altri fondi comprendenti documenti di economia pervenuti in dono. 912 $aLO10520013 950 0$aBiblioteca Centralizzata di Ateneo$c1 v.$d 01POZZO LIB.ECON MON 5369$e 0101 0000285715E VMA 1 v.$fB $h20210401$i20210401 977 $a 01$a FC 996 $aAstuzia o virtu$9693313 997 $aUNISANNIO